1693 1297 1588 1997 1310 1362 1730 1877 1476 1456 1605 1811 1976 1150 1354 1804 1352 1174 1431 1748 1932 1876 1617 1190 1517 1318 1808 1645 1331 1411 1558 1732 1317 1850 1076 1490 1706 1671 1116 1416 1506 1756 1863 1098 1197 1880 1725 1665 1518 1791 1110 1603 1646 1139 1133 1396 1289 1955 1554 1345 1562 1506 1836 1329 1684 1948 1401 1612 1824 1809 1307 1597 1358 1748 1604 1663 1317 1454 1338 1507 1904 1817 1005 1351 1179 1786 1365 1082 1935 1636 1923 1706 1466 1393 1943 1827 1355 1150 1072 BCNSPRNW ULIB Ver.6.0+V

เปลี่ยนเป็นภาษาไทย

Change to English
 แสดงรายละเอียดบรรณานุกรม
  กลับหน้าหลัก

Brief Record : Get Marc (ISO 2709) : E-mail record : QR code < ปิดหน้าต่าง
LEADER : 00000nam 2200000uu 4500
001    13399121367
003     ULIB
008    121116s2551||||th 000 0 tha d
020    ^a9789740473664
050 04 ^aTK7885^bค127ค
100 0  ^aคณัฐช์อนงค์ อัศวสุนทรางกูร
245 10 ^aคู่มือการใช้งาน Microsoft PowerPoint 2007 /^cคณัฐช์อนงค์ อัศวสุนทรางกูร
260    ^aกรุงเทพฯ :^bสวัสดี ไอที,^c2551
300    ^a362 หน้า :^bภาพประกอบ ;^c22 ซม
505 2  ^aเริ่มต้นติดตั้งโปรแกรม PowerPoint 2007 -- ทำความรู้จักกับโปรแกรมPowerPoint 2007 -- เริ่มต้นจัดการกับงานนำเสนอ -- การแต่งเติมสีสันด้วยชุดรูปแบบ -- การใส่เนื้อหาให้กับภาพนิ่ง -- การแทรกวัตถุลงในภาพนิ่ง -- การแทรกไฟล์มัลติมีเดีย -- สร้างการเชื่อมโยงหลายมิติ (Hyperlink) -- การใส่เอฟเฟ็กต์ภาพเคลื่อนไหวก่อนนำเสนอ -- การนำเสนอภาพนิ่ง -- การสั่งพิมพ์เอกสารประกอบการนำเสนอ -- ความสามารถเพิ่มเติมของ PowerPoint
650  7 ^aไมโครซอฟต์เพาเวอร์พอยท์
650  7 ^aโปรแกรมคอมพิวเตอร์
945    ^p169^l0^i14962
995    ^aวิภา
999 ^a ทศพร
รายการนี้ยังไม่มีแท็ก
คุณยังไม่ได้ล็อกอิน คุณสามารถมีกิจกรรมร่วมกับเว็บไซต์ได้ แต่ต้องล็อกอินก่อน ::
  ล็อกอิน

รายการสื่อสารสนเทศ

ลำดับที่ ประเภท เลขเรียก/บาร์โค้ด สถานที่ สถานะ
1. วิทยาศาสตร์การแพทย์ และสุขภาพ
วิทยาศาสตร์การแพทย์ และสุขภาพ
TK7885 ค127ค  
  Barcode: 14962
ห้องสมุดวิทยาเขตสวรรค์ประชารักษ์
►หนังสือทั่วไป
บนชั้น

รายการใกล้เคียง
    ผู้แต่ง [คณัฐช์อนงค์ อัศวสุนทรางกูร]

    หัวเรื่อง [ไมโครซอฟต์เพาเวอร์พอยท์]
    หัวเรื่อง [โปรแกรมคอมพิวเตอร์]

BibComment


ยังไม่เคยถูกคอมเมนท์

คอมเมนท์ทรัพยากรรายการนี้
  คอมเมนท์: คู่มือการใช้งาน ..


 Copyright 2026. Bcnsprnw @Library